Anvers - Choix Multiples - Statistiques

Statistiques générales
  • Ce quiz a été pris 1 918 fois
    1 868 depuis la dernière actualisation
  • Le résultat moyen est 6 sur 10
Statistiques - réponses
Question Réponse % Correct
Quel commerce fait la renommée de Anvers ? Le diamant
86%
Quelle infrastructure de transport d'Anvers est la deuxième plus importante d'Europe dans sa catégorie ? Le port
81%
Quel adjectif faut-il associer à Anvers pour former le nom du plus ancien club de football belge ? Royal
65%
En quelle année Anvers a-t-elle organisé les Jeux olympiques d'été ? En 1920
56%
Quel célèbre peintre anversois possède une statue à son effigie sur la Groenplaats ? Pierre Paul Rubens
56%
Quel fleuve traverse la ville d'Anvers ? L'Escaut
55%
Quelle est l'origine mythique du nom de Antwerpen, le nom de Anvers en néerlandais ? Une main de géant jetée dans l'eau
46%
Laquelle de ces cathédrales correspond à celle d'Anvers, dont la construction dura 169 ans ?
42%
Qu'est-ce que la Boerentoren, inaugurée en 1931 ? Le premier gratte-ciel d'Europe
41%
Quel pays assiégea Anvers en 1584-1585, lors de la guerre de Quatre-Vingt Ans ? L'Espagne
41%
Aucun quiz correspondant
Distribution des résultats
% des personnes avec chaque résultat
Percentile par nombre de réponses
Votre historique - résultats
Vous n’avez pas pris ce quiz depuis la dernière actualisation